000 00483nam a2200181Ia 4500
001 8450
005 20260306160610.0
008 260306t1996||||xx |||||||||||||| ||spa||
041 _aESP
082 _a371.071
_bG317
100 _aGarber, Steven
_eAUT
245 4 _aThe fabric of faithfulness:
_bweaving together belief & behavior during the university years
260 _c1996
300 _a199 páginas :
_c21 cm.
650 _aGEN
654 _aCED
942 _cLIB
_dJUS
_fJUS
_2ddc
_n
999 _c8450
_d8450